Tự học ngôn ngữ lập trình C++
Giới thiệu tổng quan về C++; Lớp; Mảng;Con trỏ và tham chiếu. Đề cập đến quá tải hàm; Tính kế thừa; dẫn nhập hệ thống nhập/xuất C++; Hàm nỏ, mẩu và điều khiển ngoại lệ; Các chủ đề hỗn hợp
Đã lưu trong:
| Tác giả chính: | |
|---|---|
| Định dạng: | Sách |
| Năm xuất bản: |
Đồng Nai:
Nxb Đồng Nai
1996
|
| Chủ đề: | |
| Truy cập Trực tuyến: | Ngôn ngữ lập trình C++ |
| Tags: |
Thêm thẻ
Không có thẻ, Hãy là người đầu tiên gắn thẻ bản ghi này!
|
| LEADER | 01307nam a2200205 4500 | ||
|---|---|---|---|
| 082 | |a 005.133 |b NG 527 C | ||
| 100 | |a Nguyễn Cẩn | ||
| 245 | |a Tự học ngôn ngữ lập trình C++ |c Nguyễn Cẩn | ||
| 260 | |a Đồng Nai: |b Nxb Đồng Nai |c 1996 | ||
| 300 | |a 541tr. |c 21cm | ||
| 520 | |a Giới thiệu tổng quan về C++; Lớp; Mảng;Con trỏ và tham chiếu. Đề cập đến quá tải hàm; Tính kế thừa; dẫn nhập hệ thống nhập/xuất C++; Hàm nỏ, mẩu và điều khiển ngoại lệ; Các chủ đề hỗn hợp | ||
| 653 | |a Ngôn ngữ lập trình | ||
| 653 | |a Tin học | ||
| 856 | |u Ngôn ngữ lập trình C++ | ||
| 942 | |2 ddc |c STK0 | ||
| 999 | |c 7245 |d 7245 | ||
| 952 | |0 0 |1 0 |2 ddc |4 0 |6 005_133000000000000_NG_527_C |7 0 |8 000 |9 66913 |a qbu |b qbu |c D2 |d 2015-02-02 |o 005.133 NG 527 C |p 7271.C1 |r 0000-00-00 |w 2015-02-02 |y STK0 | ||
| 952 | |0 0 |1 0 |2 ddc |4 0 |6 005_133000000000000_NG_527_C |7 0 |8 000 |9 66914 |a qbu |b qbu |c D2 |d 2015-02-02 |o 005.133 NG 527 C |p 7271.C2 |r 0000-00-00 |w 2015-02-02 |y STK0 | ||
| 952 | |0 0 |1 0 |2 ddc |4 0 |6 005_133000000000000_NG_527_C |7 0 |8 000 |9 66915 |a qbu |b qbu |c D2 |d 2015-02-02 |o 005.133 NG 527 C |p 7271.C3 |r 0000-00-00 |w 2015-02-02 |y STK0 | ||
| 952 | |0 0 |1 0 |2 ddc |4 0 |6 005_133000000000000_NG_527_C |7 0 |9 97806 |a qbu |b qbu |c D2 |d 2015-11-05 |o 005.133 NG 527 C |p 7271.c4 |r 0000-00-00 |w 2015-11-05 |y STK0 | ||